| 000 | 01987cad a22003015a 4500 | ||
|---|---|---|---|
| 001 | L159616 | ||
| 008 | 150416s2017 xxk f 000 0 eng d | ||
| 020 | _a9781783212071 | ||
| 035 | _a(Sirsi) u159616 | ||
| 041 | 0 | _aeng | |
| 050 | 0 | 4 | _a332.6324094 $2 18 |
| 110 | 2 |
_aRoyal Institution of Chartered Surveyors _94900 |
|
| 245 | 0 | 0 |
_aReal estate risk management under the Alternative Investment Fund Managers Directive _h[electronic resource] |
| 260 |
_aLondon _bRICS _c2017 |
||
| 300 | _a15p. | ||
| 490 | 0 | _aRICS Guidance Note | |
| 505 | _aAcknowledgments -- RICS professional standards and guidance -- Introduction -- The role of the AIFM real estate risk manager -- Defining the approach of the AIFM real estate risk manager -- Implementing valuation controls -- Conclusion -- Appendix A: Core office risk matrix -- Appendix B: Glossary | ||
| 520 | _aEffective from 1 March 2018. | ||
| 520 | _aIt covers purpose, target audience and effective date; the role of the AIFM real estate risk manager; defining the approach of the AIFM real estate risk manager; implementing valuation controls; core office risk matrix, covering asset level risks and fund level risks; glossary. The Alternative Investment Fund Managers Directive (AIFMD) has made risk management one of the fundamental functions for real estate investment funds. Given the importance of real estate for Europe's alternative investment fund industry, RICS Europe has produced this guidance note to provide guidance to AIFMs on risk management for real estate. | ||
| 650 | 2 | 4 | _aREAL ESTATE INVESTMENT |
| 650 | 2 | 4 | _aALTERNATIVE INVESTMENT FUND MANAGERS DIRECTIVE |
| 650 | 2 | 4 | _aREAL ESTATE INVESTMENT |
| 650 | 2 | 4 | _aRISK MANAGEMENT |
| 651 | 4 | _aEurope | |
| 690 |
_aCommercial property _96227 |
||
| 856 | 4 | 1 |
_uhttps://www.isurv.com/downloads/file/7477/real_estate_risk_management_under_the_alternative_investment_managers_directive_aifmd_1st_edition _zAvailable on iSurv (subscription required) |
| 942 |
_n0 _2ddc |
||
| 999 |
_c116051 _d116051 |
||